000 02260nam0a2200373 4500
001 RU\NLR\BIBL_A\011451320
005 20250626070805.0
020 _aRU
_b6956
_9Сводный каталог листовок первых лет Советской власти (25 октября (7 ноября) 1917 - 1925) Т.4 (Ч.1). Листовки советских, партийных, профсоюзных, комсомольских и других организаций губерний РСФСР
035 _a(NLR Aleph) 011451320
090 _a11754126
_c11754126
100 _a20170808d1919 |||y0rusy50 ca
101 0 _arus
102 _aRU
105 _ay z 000zy
135 _acrgn 008apada
200 1 _aВоззвание ко всему крестьянскому населению Меленковского уезда Владимирской губернии: г. Меленки, 11 июля 1919 г.
_e[о борьбе с распространителями провокационных слухов
_eлистовка]
210 _a[Меленки
_cб. и.
_d1919, июль]
215 _a1 с.
_d30х18
300 _aПодпись: Меленковский уездный исполнительный комитет
325 1 _aКопия доступна в Электронной библиотеке РНБ
517 1 _aо борьбе с распространителями провокационных слухов
607 _aРСФСР
_jЛистовки
_xПолитика и управление
_y1917 - 1925
_92312782
_3RU\NLR\auth\6601609564
686 0 _aТ3(2)71-313,011
686 1 _aТ3(2Р-4Вл)712-3,011
711 0 2 _aМеленковский уездный Совет рабочих, крестьянских и красноармейских депутатов
_bИсполнительный комитет
_9569724
_3RU\NLR\AUTH\880453013
852 0 0 _aNLR
_bФЛ
_j19/39
942 _cBOOK
980 _aNB
981 2 1 _a(21) Листовки
_b(21) Листовки 1919 года